000 00649nam a22002052 4500
001 0000007304
005 20151217155214.0
008 080107s xx 000 0 eng d
020 _a0138032718 :
_cKES
040 _aKABU
_cKABU
100 1 _aEllis, Elizabeth Gaynor.
_@0000158539
245 1 0 _aWorld history :
_bconnections to today /
_cElizabeth Gaynor Ellis, Anthony Esler.
260 _aUpper Saddle River, NJ :
_bPrentice-Hall,
_c1997.
300 _axxxiii, 1038 p.
650 0 _aWorld history.
_@0000152969
700 1 _aEsler, Anthony.
_@0000080838
908 _a080107
950 _@1
999 _c11989
_d11989